000 02232nam0a2200373 4500
001 RU\NLR\bibl\960542
005 20260407085109.0
010 _a5-7310-1887-1
_9200
021 _aRU
_b2006-33675
_91686
035 _a(NLR Aleph) 000948578
090 _a265163
_c265163
100 _a20060620d2005 |||y0rusy50 ca
101 0 _arus
102 _aRU
105 _aa |||||||||
200 1 _aУправление качеством образования в высшей школе
_f[д.э.н., проф. Е.А. Горбашко, к.э.н., проф. С.Р. Гидрович, к.э.н., доц. И.А. Максимцев и др.]
_gпод ред. д.э.н., проф. Е.А. Горбашко
_gФедер. агентство по образованию, Гос. образоват. учреждение высш. проф. образования "С.-Петерб. гос. ун-т экономики и финансов"
210 _aСанкт-Петербург
_cизд-во Санкт-Петербургского государственного университета экономики и финансов
_d2005
215 _a315 с.
_cил.
_d20
300 _aАвт. указаны на обороте тит. л.
320 _aБиблиогр.: с. 219-220 (23 назв.)
606 0 _aВысшие учебные заведения
_xУправление
_yРоссийская Федерация
_92140946
_3RU\NLR\auth\661290407
606 1 _aВысшее образование
_xКачество
_yРоссийская Федерация
_92403452
_3RU\NLR\auth\661432519
686 _aЧ484(2Р)к.я431
686 _aЧ481.28я431
701 1 _aГорбашко
_bЕ. А.
_f1958-
_gЕлена Анатольевна
_4070
701 1 _aГидрович
_bС. Р.
_gСветлана Романовна
_4070
701 1 _aМаксимцев
_bИ. А.
_gИгорь Анатольевич
_4070
712 0 2 _4570
_aСанкт-Петербургский государственный университет экономики и финансов
_3RU\NLR\AUTH\8812880
_9298686
801 0 _aRU
_bNLR
_c20060620
_grcr
801 1 _aRU
_bNLR
_c20060620
942 _cBOOK
980 _aNB